00913nam a2200253 a 4500001001000000003000500010005001700015008004100032010001100073011001100084040000900095100003300104245011800137260004100255500006000296502007200356650002600428650002900454650003100483650001700514650003500531650002300566856007000589000111367CHAP20220329144208.0150330s2015 mx a fsm |||||||spa d a107829 a108801 cCHAP1 aSotelo Turban, Marco Antonio10aComposición química de tres gramíneas del estado de Morelosh[En línea]cpor Marco Antonio Sotelo Turban. aChapingo, Méx. :bEl autor,c2015. aPara ver el contenido del material haga clic en la liga aTesis (Ing. Agr. Esp. en Zootecnia) -- UACH. Departamento Zootecnia14aForrajesxAnálisis.14aForrajesxComposición.14aForrajesxValor nutritivo.14aGramíneas.14aPlantasxAnálisis químico.14aQuímica vegetal. aFinding aiduhttp://10.13.5.2/tesis/sist111367.pdfzTeclea aquí